| 000 | 00777nam a22002057a 4500 | ||
|---|---|---|---|
| 005 | 2010080609109.0 | ||
| 010 | _aENG-98610 | ||
| 020 |
_a9788190765787 _c150.00 |
||
| 035 | _aENN-82143 | ||
| 037 | _bDBAD/PUB | ||
| 082 | _a530.2462 | ||
| 100 |
_aChandramohan, M. _98626 |
||
| 245 |
_aApplied engineering physics / _cby M. Chandramohan |
||
| 260 |
_aCoimbatore _bInder Publications _c2007 |
||
| 270 |
_a97/3, Manjeeswari Colony, K. K. Pudur Road, Velandipalayam _bCoimbatore _e641025 |
||
| 300 |
_avarious pagings : _bill. _c24cm (pbk) |
||
| 650 |
_aEngineering Physics _98627 |
||
| 942 |
_2ddc _cEN _h530.2462 _mCHA |
||
| 999 |
_c39769 _d39769 |
||